|
|
|
|
| LEADER |
00000cas a2200000 a 4500 |
| 001 |
vtls010510461 |
| 003 |
SK-MaSNL |
| 005 |
20260228160613.0 |
| 008 |
130515c20079999xo fr|p 0 0slo |
| 022 |
|
|
|a 1338-9793
|
| 040 |
|
|
|a SNK
|b slo
|c SNK
|e AACR2
|
| 041 |
0 |
|
|a slo
|a hun
|
| 043 |
|
|
|a e-xo---
|
| 044 |
|
|
|a xo
|c SK
|
| 072 |
|
7 |
|a 352/354
|x Stupne miestnej, oblastnej a ústrednej správy
|2 konspekt
|
| 072 |
|
7 |
|a 394
|x Verejný a spoločenský život. Každodenný život
|2 konspekt
|
| 072 |
|
7 |
|a 316.7
|x Sociológia kultúry. Kultúrny život
|2 konspekt
|
| 080 |
|
|
|a 352
|2 2011
|
| 080 |
|
|
|a 394
|2 2011
|
| 080 |
|
|
|a 316.728
|2 2011
|
| 080 |
|
|
|a 050
|2 2011
|
| 080 |
|
|
|a (437.6)
|2 2011
|
| 080 |
|
|
|a (051)+(054)
|2 2011
|
| 210 |
0 |
|
|a Ardea
|b (Gbelce)
|
| 222 |
|
0 |
|a Ardea
|b (Gbelce)
|
| 245 |
0 |
0 |
|a Ardea
|b noviny samosprávy obce Gbelce : Köbölkút község önkormányzatának lapja
|
| 246 |
3 |
1 |
|a Noviny samosprávy obce Gbelce
|
| 246 |
3 |
1 |
|a Köbölkút község önkormányzatának lapja
|
| 260 |
|
|
|a Gbelce
|b Obec Gbelce
|c 2007-
|
| 300 |
|
|
|a zv.
|c 30 cm
|
| 310 |
|
|
|a 2x ročne
|b 2016-
|
| 321 |
|
|
|a 4x ročne
|
| 362 |
|
|
|a Roč. 1 (2007)-
|z DS702/2012
|
| 500 |
|
|
|a Popis podľa: Roč. VI, č. 2 (2012)
|
| 500 |
|
|
|a Evidenčné číslo MK SR: EV 3463/09
|
| 515 |
|
|
|a Niektoré čísla vychádzajú ako dvojčíslo
|
| 515 |
|
|
|a Č. 1/2015 je označené 2x
|
| 546 |
|
|
|a Súbežný text maďarský
|
| 650 |
0 |
7 |
|a miestna správa
|2 SNKPH
|9 29496
|
| 650 |
0 |
7 |
|a spoločenský život
|2 SNKPH
|9 28654
|
| 651 |
|
7 |
|a Gbelce (Slovensko)
|2 SNKPHgeo
|9 20252
|
| 655 |
|
7 |
|a miestne periodiká
|2 SNKPH
|9 160938
|
| 910 |
|
|
|a snk
|
| 999 |
|
|
|c 3055
|d 4985
|
| 952 |
|
|
|0 0
|1 0
|4 0
|7 0
|8 0
|a SNK
|b SNK
|d 2022-02-03
|i snk2022/1848
|l 0
|o snkČSB 7427/13/2019
|p 17A1462016
|r 2026-02-21 20:01:03
|t č. 1-2
|w 2026-02-21
|y PREZ
|
| 952 |
|
|
|0 0
|1 0
|4 0
|7 0
|8 0
|a SNK
|b SNK
|d 2022-02-03
|i snk2022/1849
|l 0
|o snkČSB 7427/14/2020
|p 17A1462017
|r 2026-02-21 20:01:03
|t č. 1-2
|w 2026-02-21
|y PREZ
|
| 952 |
|
|
|0 0
|1 0
|3 Spoločne zviazané r. 2012-2018
|4 0
|7 0
|8 0
|a SNK
|b SNK
|d 2019-12-13
|i snk2019/32043
|l 0
|o snkČSB 7427/6/2012
|p 17A1384886
|r 2026-02-21 22:15:33
|t č. 1-4, neúplné
|w 2026-02-21
|y PREZ
|z Chýba č. 1. ; Spoločne zviazané r. 2012-2018
|
| 952 |
|
|
|0 0
|1 0
|3 Spoločne zviazané r. 2012-2018
|4 0
|7 0
|8 0
|a SNK
|b SNK
|d 2019-12-13
|i snk2019/32043
|l 0
|o snkČSB 7427/7/2013
|p 17A1384885
|r 2026-02-21 22:15:33
|t č. 1-4
|w 2026-02-21
|y PREZ
|z Spoločne zviazané r. 2012-2018
|
| 952 |
|
|
|0 0
|1 0
|3 Spoločne zviazané r. 2012-2018
|4 0
|7 0
|8 0
|a SNK
|b SNK
|d 2019-12-13
|i snk2019/32043
|l 0
|o snkČSB 7427/8/2014
|p 17A1384884
|r 2026-02-21 22:15:33
|t č. 1-4
|w 2026-02-21
|y PREZ
|z Spoločne zviazané r. 2012-2018
|
| 952 |
|
|
|0 0
|1 0
|3 Spoločne zviazané r. 2012-2018
|4 0
|7 0
|8 0
|a SNK
|b SNK
|d 2019-12-13
|i snk2019/32043
|l 0
|o snkČSB 7427/9/2015
|p 17A1384883
|r 2026-02-21 22:15:33
|t č. 1-4
|w 2026-02-21
|y PREZ
|z Č. 1 vydané 2x. ; Spoločne zviazané r. 2012-2018
|
| 952 |
|
|
|0 0
|1 0
|3 Spoločne zviazané r. 2012-2018
|4 0
|7 0
|8 0
|a SNK
|b SNK
|d 2019-12-13
|i snk2019/32043
|l 0
|o snkČSB 7427/10/2016
|p 17A1384882
|r 2026-02-21 22:15:33
|t č. 1-2
|w 2026-02-21
|y PREZ
|z Spoločne zviazané r. 2012-2018
|
| 952 |
|
|
|0 0
|1 0
|3 Spoločne zviazané r. 2012-2018
|4 0
|7 0
|8 0
|a SNK
|b SNK
|d 2019-12-13
|i snk2019/32043
|l 0
|o snkČSB 7427/11/2017
|p 17A1384881
|r 2026-02-21 22:15:33
|t č. 1-2
|w 2026-02-21
|y PREZ
|z Spoločne zviazané r. 2012-2018
|
| 952 |
|
|
|0 0
|1 0
|3 Spoločne zviazané r. 2012-2018
|4 0
|7 0
|8 0
|a SNK
|b SNK
|d 2019-12-13
|i snk2019/32043
|l 0
|o snkČSB 7427/12/2018
|p 17A1384880
|r 2026-02-21 22:15:33
|t č. 1-2
|w 2026-02-21
|y PREZ
|z Spoločne zviazané r. 2012-2018
|